[Event "ENCI Limburg-open A"]
[Site "Maastricht"]
[Date "2009.05.31"]
[Round "5"]
[White "Schleipfenbauer, Frank"]
[Black "Haast, Anne"]
[Result "1-0"]
[WhiteElo "2040"]
[BlackElo "2144"]
[PlyCount "57"]
[EventDate "2009.05.29"]
[EventType "swiss"]
[EventRounds "7"]
[EventCountry "NED"]
[Source "P.Boonen"]
[SourceDate "2010.01.01"]

1. e4 e5 2. Nc3 Nf6 3. f4 d5 4. fxe5 Nxe4 5. Nf3 Be7 6. Be2 O-O 7. O-O f6 8. d3
Nxc3 9. bxc3 c5 10. d4 Nc6 11. exf6 Bxf6 12. Ba3 b6 13. dxc5 Bxc3 14. Rb1 Rf7
15. Rb3 Bf6 16. Bb5 Bb7 17. Kh1 Rc8 18. cxb6 axb6 19. Re1 Qc7 20. Rbe3 g6 21.
Re6 Rd8 22. Qd3 Qc8 23. h3 d4 24. Bc4 Na5 25. Rxf6 Nxc4 26. Rxf7 Kxf7 27. Qxc4+
Qxc4 28. Ne5+ Kf6 29. Nxc4 1-0

[Event "ENCI Limburg-open A"]
[Site "Maastricht"]
[Date "2009.05.31"]
[Round "5"]
[White "Skutta, Bernd"]
[Black "Sprangers, Remco"]
[Result "1-0"]
[WhiteElo "2130"]
[BlackElo "2231"]
[PlyCount "79"]
[EventDate "2009.05.29"]
[EventType "swiss"]
[EventRounds "7"]
[EventCountry "NED"]
[Source "P.Boonen"]
[SourceDate "2010.01.01"]

1. d4 d5 2. Nf3 Nf6 3. c4 c6 4. e3 Bg4 5. Qb3 Qb6 6. Nc3 e6 7. c5 Qc7 8. Ne5
Bf5 9. Be2 Nbd7 10. Nxd7 Nxd7 11. f4 g5 12. O-O gxf4 13. exf4 h5 14. Be3 Nf6
15. Rae1 Ng4 16. Bxg4 hxg4 17. g3 Bg7 18. Qd1 Rh3 19. b4 Ke7 20. Re2 Rah8 21.
Rb2 R8h5 22. Rff2 Qd8 23. b5 Qh8 24. Rg2 Rxg3 25. Rxg3 b6 26. bxc6 bxc5 27.
Rb7+ Kf6 28. dxc5 Kg6 29. Rxg4+ Kh6 30. Rg5 Rxg5+ 31. fxg5+ Kg6 32. Ne2 Be5 33.
Nf4+ Kxg5 34. Qh5+ Qxh5 35. Nxh5+ Kxh5 36. c7 d4 37. Bd2 d3 38. c8=Q Kg4 39.
Qg8+ Kf3 40. Qg2# 1-0

[Event "ENCI Limburg-open A"]
[Site "Maastricht"]
[Date "2009.05.31"]
[Round "5"]
[White "Smith, Thijmen"]
[Black "Serbu, Eli"]
[Result "1-0"]
[WhiteElo "1999"]
[BlackElo "2180"]
[PlyCount "107"]
[EventDate "2009.05.29"]
[EventType "swiss"]
[EventRounds "7"]
[EventCountry "NED"]
[Source "P.Boonen"]
[SourceDate "2010.01.01"]

1. e4 c5 2. Nf3 Nc6 3. d4 cxd4 4. Nxd4 Qc7 5. Nc3 e6 6. Be3 a6 7. Bd3 Nf6 8.
O-O Be7 9. h3 O-O 10. Kh1 d6 11. f4 Nxd4 12. Bxd4 e5 13. Be3 b5 14. Qf3 Bb7 15.
Nd5 Nxd5 16. exd5 Kh8 17. f5 Bf6 18. Be4 Qe7 19. Qh5 Rac8 20. b3 Rc3 21. Rae1
Rg8 22. Qg4 Rgc8 23. Rf3 Ba8 24. Qh5 Rg8 25. Ref1 Rc7 26. Rg3 Rc3 27. Rff3 Rgc8
28. Rg4 Bb7 29. Rfg3 Rg8 30. Rh4 Bxh4 31. f6 g6 32. fxe7 Bxe7 33. Qh6 f5 34.
Bxf5 gxf5 35. Rxg8+ Kxg8 36. Bg5 Rc7 37. Qe6+ Kf8 38. Qxf5+ Ke8 39. Qe6 Bc8 40.
Qg8+ Bf8 41. Bh6 Rf7 42. Bxf8 Rxf8 43. Qxh7 Bf5 44. Qc7 Rf6 45. Qc6+ Kf7 46.
Qxa6 Be4 47. Qxb5 Rg6 48. Qf1+ Rf6 49. Qd1 Rf2 50. Qh5+ Bg6 51. Qg4 Bf5 52. Qb4
Rxc2 53. Qxd6 e4 54. Qf4 1-0

[Event "ENCI Limburg-open A"]
[Site "Maastricht"]
[Date "2009.05.31"]
[Round "5"]
[White "Van Es, Gerard"]
[Black "Kuipers, Stefan"]
[Result "1/2-1/2"]
[WhiteElo "2084"]
[BlackElo "2343"]
[PlyCount "50"]
[EventDate "2009.05.29"]
[EventType "swiss"]
[EventRounds "7"]
[EventCountry "NED"]
[Source "P.Boonen"]
[SourceDate "2010.01.01"]

1. e4 c5 2. Nf3 Nc6 3. d4 cxd4 4. Nxd4 Nf6 5. Nc3 e5 6. Ndb5 d6 7. Nd5 Nxd5 8.
exd5 Nb8 9. c4 a6 10. Nc3 Be7 11. Bd3 O-O 12. O-O f5 13. f3 Nd7 14. Kh1 Bg5 15.
b4 Bxc1 16. Rxc1 b6 17. Na4 Bb7 18. c5 bxc5 19. bxc5 Nxc5 20. Nxc5 dxc5 21.
Rxc5 Qd6 22. Qc1 Kh8 23. Rd1 Rae8 24. Rc7 Bxd5 25. Bxa6 Qxa6 1/2-1/2

[Event "ENCI Limburg-open A"]
[Site "Maastricht"]
[Date "2009.05.31"]
[Round "5"]
[White "Van Gool, Henk"]
[Black "Laarhoven, Thijs"]
[Result "0-1"]
[WhiteElo "2125"]
[BlackElo "2227"]
[PlyCount "126"]
[EventDate "2009.05.29"]
[EventType "swiss"]
[EventRounds "7"]
[EventCountry "NED"]
[Source "P.Boonen"]
[SourceDate "2010.01.01"]

1. d4 d5 2. Nf3 Nf6 3. c4 c6 4. e3 Bf5 5. Nc3 e6 6. Be2 Nbd7 7. O-O Bd6 8. b3
O-O 9. Bb2 Re8 10. g3 h6 11. Nh4 Bh7 12. Ng2 Rc8 13. Qd2 Qe7 14. a3 Bb8 15.
Rac1 Red8 16. cxd5 exd5 17. a4 a6 18. a5 Bd6 19. Ra1 Re8 20. Rfc1 Qd8 21. Ba3
Bc7 22. Bb4 Ne4 23. Nxe4 Bxe4 24. Bg4 Rb8 25. Ne1 Nf6 26. Bh3 Bg6 27. f3 Nh7
28. Bg2 Qg5 29. Rc3 h5 30. f4 Qd8 31. Nf3 Nf6 32. Ne5 Ne4 33. Bxe4 Bxe4 34.
Rcc1 Qc8 35. Qf2 Qf5 36. Rc3 Rbd8 37. Bc5 Re6 38. Bb6 Bxb6 39. axb6 f6 40. Nf3
Bxf3 41. Qxf3 Re4 42. Kf2 Kf7 43. b4 g6 44. Kg2 Rde8 45. Kf2 Rh8 46. Raa3 Qd7
47. b5 axb5 48. Ra7 Re7 49. f5 g5 50. h4 g4 51. Qf4 Kg7 52. Rca3 Qd8 53. e4
dxe4 54. Ke3 Qxb6 55. Ra8 Rd8 56. Rxd8 Qxd8 57. Ra7 Rd7 58. Ke2 Re7 59. Qe3 Qg8
60. Qa3 Qc4+ 61. Ke1 b4 62. Qa5 Qc3+ 63. Kf1 e3 0-1

[Event "ENCI Limburg-open A"]
[Site "Maastricht"]
[Date "2009.05.31"]
[Round "5"]
[White "Verstraeten, Reinaert"]
[Black "Akstinat, Sven Holger"]
[Result "1/2-1/2"]
[WhiteElo "1993"]
[BlackElo "2162"]
[PlyCount "48"]
[EventDate "2009.05.29"]
[EventType "swiss"]
[EventRounds "7"]
[EventCountry "NED"]
[Source "P.Boonen"]
[SourceDate "2010.01.01"]

1. e4 d5 2. exd5 Qxd5 3. Nc3 Qa5 4. Bc4 c6 5. d3 Bf5 6. Nge2 e6 7. O-O Bb4 8.
a3 Bxc3 9. Nxc3 Nf6 10. Bf4 O-O 11. Qe2 Nbd7 12. Ne4 b5 13. Ba2 Qb6 14. Bd6
Rfe8 15. b4 Bxe4 16. dxe4 c5 17. Bg3 c4 18. Rad1 a5 19. c3 e5 20. Bb1 axb4 21.
axb4 Nf8 22. Kh1 Ng6 23. h4 h5 24. f3 Nf4 1/2-1/2

[Event "ENCI Limburg-open A"]
[Site "Maastricht"]
[Date "2009.05.31"]
[Round "5"]
[White "Vrancken, Gilbert"]
[Black "Wilschut, Peter"]
[Result "0-1"]
[WhiteElo "2094"]
[BlackElo "2209"]
[PlyCount "80"]
[EventDate "2009.05.29"]
[EventType "swiss"]
[EventRounds "7"]
[EventCountry "NED"]
[Source "P.Boonen"]
[SourceDate "2010.01.01"]

1. Nf3 Nf6 2. d4 d5 3. g3 c6 4. Bg2 Bf5 5. O-O h6 6. c4 e6 7. Nc3 Be7 8. Ne5
O-O 9. f3 Bh7 10. e4 dxc4 11. Be3 Nbd7 12. Nxc4 b5 13. Nd2 Rc8 14. Nb3 Nb6 15.
Bf2 Qc7 16. Qe2 Qb8 17. Rfc1 Rfd8 18. a3 Ne8 19. Na2 Nc4 20. Nb4 a5 21. Nd3 a4
22. Nbc5 Bf6 23. Nxa4 Bxd4 24. Bxd4 Rxd4 25. Nac5 Rcd8 26. f4 Qb6 27. Kh1 Ned6
28. b3 Na5 29. Ne5 Ndb7 30. b4 Nc4 31. Nxc4 bxc4 32. Rxc4 Rd2 33. Qg4 Nxc5 34.
Rxc5 R8d4 35. Re1 Ra2 36. Rd1 Qd8 37. Rcc1 Rdd2 38. Qf3 Bxe4 39. Rxd2 Qxd2 40.
Rd1 Qxg2+ 0-1

[Event "ENCI Limburg-open A"]
[Site "Maastricht"]
[Date "2009.05.31"]
[Round "5"]
[White "Winkels, Marcel"]
[Black "Doggers, Peter"]
[Result "1-0"]
[WhiteElo "2102"]
[BlackElo "2279"]
[PlyCount "82"]
[EventDate "2009.05.29"]
[EventType "swiss"]
[EventRounds "7"]
[EventCountry "NED"]
[Source "P.Boonen"]
[SourceDate "2010.01.01"]

1. e4 e5 2. Nf3 Nc6 3. Bb5 Nf6 4. d3 Bc5 5. O-O Nd4 6. Nxd4 Bxd4 7. c3 Bb6 8.
Bg5 c6 9. Ba4 d6 10. Nd2 h6 11. Be3 O-O 12. Bc2 d5 13. Bxb6 Qxb6 14. Rb1 Bg4
15. Qe1 Rfe8 16. Kh1 Rad8 17. a3 c5 18. h3 Bc8 19. Nf3 dxe4 20. dxe4 Be6 21. b3
Qc7 22. Qe3 b5 23. a4 b4 24. Rfc1 Nd7 25. Bd3 Qb6 26. Bb5 a6 27. Bxd7 Bxd7 28.
cxb4 Qxb4 29. Rxc5 Rb8 30. Rcc1 f6 31. Rc7 Rb7 32. Rbc1 Be6 33. Nd2 Rd8 34.
Rxb7 Qxb7 35. f3 Rd4 36. Qc3 Kh7 37. Nc4 Qd7 38. Kh2 Bxc4 39. bxc4 Qxa4 40. c5
Qc6 41. Qa5 Rd8 1-0

[Event "ENCI Limburg-open A"]
[Site "Maastricht"]
[Date "2009.06.01"]
[Round "6"]
[White "Akstinat, Sven Holger"]
[Black "Henrichs, Thomas"]
[Result "1/2-1/2"]
[WhiteElo "2162"]
[BlackElo "2500"]
[PlyCount "112"]
[EventDate "2009.05.29"]
[EventType "swiss"]
[EventRounds "7"]
[EventCountry "NED"]
[Source "P.Boonen"]
[SourceDate "2010.01.01"]

1. e4 c5 2. c3 d5 3. exd5 Qxd5 4. d4 g6 5. dxc5 Qxc5 6. Be3 Qc7 7. Na3 a6 8.
Nf3 Bg7 9. Bc4 Nf6 10. Qb3 O-O 11. Ng5 e6 12. Nc2 b5 13. Be2 Bb7 14. Bf3 Nd5
15. O-O Nd7 16. a4 Nxe3 17. fxe3 Bxf3 18. Rxf3 Qe5 19. h4 h6 20. Nh3 Nc5 21.
Qa2 Nxa4 22. Nd4 Nb6 23. Nf2 Qd5 24. Qb1 Nc4 25. Qc2 e5 26. e4 Qd8 27. Nc6 Qxh4
28. b3 Nb6 29. Ra5 Nd7 30. Qd3 Nc5 31. Qd5 Ne6 32. Nxe5 Rad8 33. Nxg6 fxg6 34.
Qxe6+ Kh7 35. Rxa6 Qg5 36. Qg4 Rd1+ 37. Kh2 Be5+ 38. Kh3 Qxg4+ 39. Kxg4 h5+ 40.
Kg5 Rxf3 41. Ra7+ Bg7 42. gxf3 Rf1 43. Ra2 Bxc3 44. Kf4 Kh6 45. Nd3 Rb1 46. b4
Bxb4 47. e5 Be7 48. Ra7 Bg5+ 49. Ke4 Rb3 50. f4 Bh4 51. e6 Rc3 52. Rb7 Rc4+ 53.
Ke5 Rc3 54. Ke4 Rc4+ 55. Ke5 Rc3 56. Ke4 Rc4+ 1/2-1/2

[Event "ENCI Limburg-open A"]
[Site "Maastricht"]
[Date "2009.06.01"]
[Round "6"]
[White "Andok, Claus Michael"]
[Black "Larmuseau, Michiel"]
[Result "1/2-1/2"]
[WhiteElo "2085"]
[BlackElo "2041"]
[PlyCount "125"]
[EventDate "2009.05.29"]
[EventType "swiss"]
[EventRounds "7"]
[EventCountry "NED"]
[Source "P.Boonen"]
[SourceDate "2010.01.01"]

1. d4 Nf6 2. Nf3 e6 3. Bf4 b6 4. e3 Bb7 5. Bd3 Be7 6. Nbd2 d5 7. O-O O-O 8. Bg5
Nbd7 9. Bxf6 Nxf6 10. c3 Bd6 11. Qb1 Re8 12. Ng5 h6 13. Ngf3 c5 14. dxc5 Bxc5
15. Re1 e5 16. e4 Ng4 17. Rf1 f5 18. Bb5 fxe4 19. Bxe8 Qxe8 20. h3 Nxf2 21.
Rxf2 Bxf2+ 22. Kxf2 exf3 23. Nxf3 Qf7 24. Kg1 e4 25. Nd4 Ba6 26. Qc1 Rf8 27.
Qe3 g5 28. Rd1 Qf4 29. Nc2 Bd3 30. Qxf4 gxf4 31. Nb4 Be2 32. Re1 f3 33. gxf3
exf3 34. Kf2 Rf5 35. Rg1+ Kf7 36. Nc6 Rf4 37. Nd4 Bd3 38. Rg3 Be4 39. Nxf3 Kf6
40. Ke3 Rxf3+ 41. Rxf3+ Bxf3 42. Kxf3 Kf5 43. Kg3 Ke4 44. Kg4 Kd3 45. Kh5 Kc2
46. Kxh6 Kxb2 47. h4 Kxc3 48. h5 d4 49. Kg6 d3 50. h6 d2 51. h7 d1=Q 52. h8=Q+
Qd4 53. Qc8+ Kb2 54. Qa6 Qd6+ 55. Kh7 Qe7+ 56. Kg8 Qe6+ 57. Kf8 Qxa2 58. Qe2+
Kb3 59. Qe6+ Ka3 60. Qe7+ Kb3 61. Qe6+ Kb2 62. Qe5+ Kc2 63. Qe2+ 1/2-1/2

[Event "ENCI Limburg-open A"]
[Site "Maastricht"]
[Date "2009.06.01"]
[Round "6"]
[White "Beijerinck, Nick"]
[Black "In 't Veld, Daan"]
[Result "1-0"]
[WhiteElo "1985"]
[BlackElo "2168"]
[PlyCount "75"]
[EventDate "2009.05.29"]
[EventType "swiss"]
[EventRounds "7"]
[EventCountry "NED"]
[Source "P.Boonen"]
[SourceDate "2010.01.01"]

1. e4 c5 2. Nf3 e6 3. d4 cxd4 4. Nxd4 a6 5. Bd3 Bc5 6. Nb3 Ba7 7. O-O Nc6 8.
Nc3 Nf6 9. Qe2 Qc7 10. Kh1 b5 11. f4 d6 12. a3 Bb7 13. Be3 Bxe3 14. Qxe3 O-O
15. Rae1 b4 16. Ne2 bxa3 17. bxa3 g6 18. Ned4 Nxd4 19. Nxd4 Qc5 20. f5 Ng4 21.
Qh3 exf5 22. c3 fxe4 23. Qxg4 exd3 24. Re7 Bd5 25. Nf5 Ra7 26. Qh4 gxf5 27.
Qg5+ Kh8 28. Qf6+ Kg8 29. Rxf5 Rb8 30. Rg5+ Kf8 31. Re1 Bxg2+ 32. Rxg2 Qe5 33.
Rxe5 Rb1+ 34. Rg1 Rxg1+ 35. Kxg1 dxe5 36. Qd6+ Kg8 37. Qb8+ Kg7 38. Qxa7 1-0

[Event "ENCI Limburg-open A"]
[Site "Maastricht"]
[Date "2009.06.01"]
[Round "6"]
[White "Beukema, Stefan"]
[Black "Miesen, Fabian"]
[Result "1/2-1/2"]
[WhiteElo "2009"]
[BlackElo "2082"]
[PlyCount "85"]
[EventDate "2009.05.29"]
[EventType "swiss"]
[EventRounds "7"]
[EventCountry "NED"]
[Source "P.Boonen"]
[SourceDate "2010.01.01"]

1. e4 c5 2. Nf3 Nc6 3. d4 cxd4 4. Nxd4 g6 5. Nc3 Bg7 6. Be3 Nf6 7. Nb3 O-O 8.
f4 d6 9. Be2 a6 10. O-O Be6 11. Qd2 b5 12. Bf3 Rc8 13. Rad1 Ng4 14. Bxg4 Bxg4
15. Rde1 Be6 16. f5 Bc4 17. Rf3 b4 18. Na4 Bb5 19. Nb6 Ne5 20. Rh3 Rb8 21. Nd5
Nc4 22. Qf2 Nxe3 23. Rexe3 e6 24. f6 exd5 25. fxg7 Kxg7 26. Qf4 h5 27. Nd4 Bd7
28. Rxh5 gxh5 29. Rg3+ Kh7 30. Rg5 Bg4 31. Rxg4 hxg4 32. Qf5+ Kh6 33. Qxg4 f5
34. Qh3+ Kg6 35. exf5+ Kf7 36. Qh5+ Kg8 37. Qg6+ Kh8 38. Qh6+ Kg8 39. Qg6+ Kh8
40. Qh5+ Kg8 41. Qg4+ Kh8 42. Qh3+ Kg8 43. Qg3+ 1/2-1/2

[Event "ENCI Limburg-open A"]
[Site "Maastricht"]
[Date "2009.06.01"]
[Round "6"]
[White "Bus, Tom"]
[Black "Koch, Markus"]
[Result "1-0"]
[WhiteElo "2225"]
[BlackElo "2007"]
[PlyCount "85"]
[EventDate "2009.05.29"]
[EventType "swiss"]
[EventRounds "7"]
[EventCountry "NED"]
[Source "P.Boonen"]
[SourceDate "2010.01.01"]

1. c4 b6 2. Nc3 Bb7 3. e4 c5 4. g3 e6 5. Bg2 Ne7 6. Nge2 h5 7. h4 a6 8. O-O
Nbc6 9. d3 Ng6 10. f4 Be7 11. Be3 Qc7 12. Bf2 Rb8 13. Rc1 Ba8 14. d4 cxd4 15.
Nd5 exd5 16. cxd5 d3 17. Nd4 Bc5 18. dxc6 dxc6 19. Qxd3 Rd8 20. Qc3 Ne7 21. b4
Bxd4 22. Bxd4 f6 23. Qe3 Rb8 24. Rfd1 O-O 25. Qe2 g6 26. Qxa6 Kg7 27. Qc4 Rbd8
28. Qa6 Nc8 29. e5 Bb7 30. Qc4 Kh6 31. Kh2 c5 32. bxc5 Bxg2 33. Kxg2 fxe5 34.
Bxe5 Qc6+ 35. Kf2 Rde8 36. Qd5 Qa4 37. c6 Ne7 38. Qb3 Qa5 39. Bd6 Rf6 40. Bxe7
Rxe7 41. c7 Rf8 42. c8=Q Re2+ 43. Kf1 1-0

[Event "ENCI Limburg-open A"]
[Site "Maastricht"]
[Date "2009.06.01"]
[Round "6"]
[White "Christensen, Klaus"]
[Black "Kalla, Christian"]
[Result "1/2-1/2"]
[WhiteElo "2094"]
[BlackElo "1977"]
[PlyCount "27"]
[EventDate "2009.05.29"]
[EventType "swiss"]
[EventRounds "7"]
[EventCountry "NED"]
[Source "P.Boonen"]
[SourceDate "2010.01.01"]

1. d4 Nf6 2. c4 e6 3. Nf3 b6 4. g3 Bb7 5. Bg2 Be7 6. O-O O-O 7. Nc3 d5 8. Ne5
Nbd7 9. Bf4 Ne4 10. Nxe4 dxe4 11. Qc2 f5 12. Rad1 Nxe5 13. Bxe5 Bf6 14. Rd2
1/2-1/2

[Event "ENCI Limburg-open A"]
[Site "Maastricht"]
[Date "2009.06.01"]
[Round "6"]
[White "Dek, Lennart"]
[Black "Dgebuadze, Alexandre"]
[Result "1/2-1/2"]
[WhiteElo "2179"]
[BlackElo "2539"]
[PlyCount "72"]
[EventDate "2009.05.29"]
[EventType "swiss"]
[EventRounds "7"]
[EventCountry "NED"]
[Source "P.Boonen"]
[SourceDate "2010.01.01"]

1. e4 e6 2. Nc3 d5 3. Nf3 Nf6 4. e5 Nfd7 5. d4 c5 6. dxc5 Nc6 7. Bf4 Nxc5 8.
Bd3 Bd7 9. O-O Be7 10. Qd2 O-O 11. Rfe1 Nxd3 12. cxd3 Rc8 13. Rac1 Qb6 14. h4
f5 15. exf6 Bxf6 16. Na4 Qd8 17. Nc5 e5 18. Nxd7 Qxd7 19. Bxe5 Nxe5 20. Nxe5
Qa4 21. Nf3 Qxa2 22. Rxc8 Rxc8 23. Qe3 Qa6 24. Rc1 Rxc1+ 25. Qxc1 Qc6 26. Qd2
h6 27. g3 Qb6 28. d4 Qe6 29. Ne5 b6 30. f4 a5 31. Qc2 Bxe5 32. fxe5 Qg4 33. Kh2
h5 34. Qc6 Qe2+ 35. Kh3 Qf1+ 36. Kh2 Qf3 1/2-1/2

[Event "ENCI Limburg-open A"]
[Site "Maastricht"]
[Date "2009.06.01"]
[Round "6"]
[White "Doggers, Peter"]
[Black "Fober, Jan"]
[Result "1-0"]
[WhiteElo "2279"]
[BlackElo "1999"]
[PlyCount "63"]
[EventDate "2009.05.29"]
[EventType "swiss"]
[EventRounds "7"]
[EventCountry "NED"]
[Source "P.Boonen"]
[SourceDate "2010.01.01"]

1. e4 e6 2. d4 d5 3. exd5 exd5 4. Nf3 Nc6 5. Bb5 Bd6 6. c4 Bd7 7. c5 Be7 8. Nc3
Nf6 9. h3 O-O 10. O-O Nb4 11. Be2 Ne4 12. Qb3 a5 13. a3 Nc6 14. Qxd5 Nf6 15.
Qc4 Be6 16. Qa4 Nd5 17. Nxd5 Bxd5 18. Be3 Bf6 19. Rfd1 Qe8 20. Rac1 Qe6 21. Bc4
Rad8 22. Bxd5 Rxd5 23. b4 axb4 24. axb4 Rfd8 25. b5 Ne7 26. Bf4 Qd7 27. c6 bxc6
28. bxc6 Qc8 29. Qa7 Nf5 30. Qxc7 Qa6 31. Qb7 Qe2 32. c7 1-0

[Event "ENCI Limburg-open A"]
[Site "Maastricht"]
[Date "2009.06.01"]
[Round "6"]
[White "Driessens, Patrick"]
[Black "Skutta, Bernd"]
[Result "1-0"]
[WhiteElo "2281"]
[BlackElo "2130"]
[PlyCount "61"]
[EventDate "2009.05.29"]
[EventType "swiss"]
[EventRounds "7"]
[EventCountry "NED"]
[Source "P.Boonen"]
[SourceDate "2010.01.01"]

1. d4 Nf6 2. c4 g6 3. Nc3 Bg7 4. e4 O-O 5. Bg5 c5 6. d5 d6 7. h3 b5 8. cxb5 a6
9. a4 Qa5 10. Bd2 axb5 11. Bxb5 Na6 12. Nf3 Nb4 13. O-O Ba6 14. Re1 Bxb5 15.
Nxb5 Nd7 16. Bc3 Nb6 17. Bxg7 Kxg7 18. b3 Rfd8 19. Qd2 Rac8 20. Qc3+ Kg8 21.
Nd2 f6 22. Re2 Rd7 23. Kh2 Rf8 24. Rae1 Qa6 25. h4 Rb7 26. f4 f5 27. Nc4 fxe4
28. Nxb6 Qxb6 29. Rxe4 Nxd5 30. Qc4 Qc6 31. Nd4 1-0

[Event "ENCI Limburg-open A"]
[Site "Maastricht"]
[Date "2009.06.01"]
[Round "6"]
[White "Ernst, Sipke"]
[Black "Brandenburg, Daan"]
[Result "1-0"]
[WhiteElo "2582"]
[BlackElo "2453"]
[PlyCount "119"]
[EventDate "2009.05.29"]
[EventType "swiss"]
[EventRounds "7"]
[EventCountry "NED"]
[Source "P.Boonen"]
[SourceDate "2010.01.01"]

1. d4 d5 2. c4 dxc4 3. Nf3 Nf6 4. e3 e6 5. Bxc4 a6 6. O-O c5 7. dxc5 Bxc5 8.
Qxd8+ Kxd8 9. Ne5 Ke7 10. Be2 Nfd7 11. Nd3 Bd6 12. Nd2 Rd8 13. Ne4 Bc7 14. b3
Nf6 15. Ba3+ Ke8 16. Nxf6+ gxf6 17. Rfc1 Nc6 18. Rc4 Bd6 19. Bxd6 Rxd6 20. Rh4
Ke7 21. Rxh7 Bd7 22. Nc5 Nd8 23. Nxd7 Rxd7 24. Rh8 Rc8 25. h4 Rdc7 26. Bf3 f5
27. Rd1 b5 28. h5 f6 29. h6 Nf7 30. Rh7 Rh8 31. Rxh8 Nxh8 32. a4 Nf7 33. h7 Nh8
34. axb5 axb5 35. Be2 Rb7 36. Ra1 Kf7 37. Ra5 Kg6 38. Rxb5 Rxh7 39. Bc4 Re7 40.
Rb6 Kf7 41. f4 Ng6 42. Kf2 Nf8 43. Kf3 Rc7 44. Ra6 Ke7 45. Ke2 e5 46. g3 Rb7
47. Kd2 Nd7 48. Re6+ Kd8 49. Rc6 Ke7 50. Kc3 Ra7 51. Ra6 Rb7 52. Re6+ Kd8 53.
b4 Rc7 54. Kb3 Rb7 55. Rc6 Ke7 56. Bd3 Nb8 57. Rc5 Kd6 58. Rb5 Rxb5 59. Bxb5
Kd5 60. Bd3 1-0

[Event "ENCI Limburg-open A"]
[Site "Maastricht"]
[Date "2009.06.01"]
[Round "6"]
[White "Glimmerveen, Martin"]
[Black "Mueller, Claudia"]
[Result "1-0"]
[WhiteElo "2064"]
[BlackElo "2021"]
[PlyCount "81"]
[EventDate "2009.05.29"]
[EventType "swiss"]
[EventRounds "7"]
[EventCountry "NED"]
[Source "P.Boonen"]
[SourceDate "2010.01.01"]

1. e4 g6 2. Nc3 Bg7 3. d4 c6 4. Be3 d5 5. e5 Bf5 6. Nge2 h5 7. Qd2 Nh6 8. f3
Be6 9. Nf4 Qd7 10. Nxe6 Qxe6 11. Ne2 Qd7 12. O-O-O Nf5 13. Bf4 Na6 14. Rg1 e6
15. g4 hxg4 16. fxg4 Ne7 17. Kb1 c5 18. dxc5 Nxc5 19. Nc3 Nc6 20. b4 Nxb4 21.
Qd4 Nca6 22. Ne4 Nc6 23. Qa4 O-O 24. Nf6+ Bxf6 25. exf6 e5 26. Bh6 Rfc8 27. Qb3
Nd4 28. Qh3 Qa4 29. Bd3 Qb4+ 30. Kc1 Qa3+ 31. Kd2 Rxc2+ 32. Ke1 Qc3+ 33. Kf1
Ne6 34. Rg3 Rxa2 35. Bxg6 Qc4+ 36. Bd3 Qa4 37. Ke1 e4 38. Be2 Qb4+ 39. Bd2 Qc5
40. g5 d4 41. g6 1-0

[Event "ENCI Limburg-open A"]
[Site "Maastricht"]
[Date "2009.06.01"]
[Round "6"]
[White "Haast, Anne"]
[Black "Hoornstra, Hans"]
[Result "1-0"]
[WhiteElo "2144"]
[BlackElo "1933"]
[PlyCount "63"]
[EventDate "2009.05.29"]
[EventType "swiss"]
[EventRounds "7"]
[EventCountry "NED"]
[Source "P.Boonen"]
[SourceDate "2010.01.01"]

1. e4 c5 2. Nf3 Nc6 3. d4 cxd4 4. Nxd4 g6 5. c4 Bg7 6. Be3 Nf6 7. Nc3 O-O 8.
Be2 d6 9. O-O Bd7 10. Kh1 Nxd4 11. Bxd4 Bc6 12. Qc2 a5 13. Rad1 Nd7 14. Bxg7
Kxg7 15. f4 Qc7 16. b3 b6 17. Qb2 Kg8 18. Bf3 e5 19. Qd2 exf4 20. e5 Bxf3 21.
exd6 Bxg2+ 22. Qxg2 Qc5 23. Rxf4 Qh5 24. Rff1 Rae8 25. Rd2 Re6 26. Nd5 h6 27.
Nf4 Qf5 28. Nxe6 Qxe6 29. Qd5 Qxd5+ 30. Rxd5 Re8 31. Rdd1 Re6 32. Rfe1 1-0

[Event "ENCI Limburg-open A"]
[Site "Maastricht"]
[Date "2009.06.01"]
[Round "6"]
[White "Henris, Luc"]
[Black "Smith, Thijmen"]
[Result "1/2-1/2"]
[WhiteElo "2265"]
[BlackElo "1999"]
[PlyCount "92"]
[EventDate "2009.05.29"]
[EventType "swiss"]
[EventRounds "7"]
[EventCountry "NED"]
[Source "P.Boonen"]
[SourceDate "2010.01.01"]

1. e4 c5 2. c3 d5 3. exd5 Qxd5 4. d4 cxd4 5. cxd4 Nc6 6. Nc3 Qxd4 7. Be3 Qxd1+
8. Rxd1 Bd7 9. Nb5 Rc8 10. Nxa7 Nxa7 11. Bxa7 e6 12. Bd3 Ra8 13. Bd4 Rxa2 14.
Nf3 Bb4+ 15. Ke2 Nf6 16. Ne5 O-O 17. Bc4 Ra5 18. Nxd7 Nxd7 19. Bxg7 Kxg7 20.
Rxd7 Re5+ 21. Kd3 b5 22. Bb3 Bc5 23. Rf1 Kf6 24. Bc2 Rg8 25. g3 h6 26. Bd1 Ra8
27. f4 Re3+ 28. Kd2 Ra2 29. Bh5 Ra7 30. Rxa7 Bxa7 31. Rc1 Bd4 32. Rc7 Kf5 33.
Rxf7+ Ke4 34. f5 e5 35. f6 Rb3 36. Bg6+ Kd5 37. Bc2 Rf3 38. Bd1 Ke6 39. Bxf3
Kxf7 40. b4 Kxf6 41. Bc6 Kg5 42. Bxb5 Kg4 43. Bd7+ Kf3 44. g4 e4 45. Bc6 Kxg4
46. Bxe4 Kh3 1/2-1/2

[Event "ENCI Limburg-open A"]
[Site "Maastricht"]
[Date "2009.06.01"]
[Round "6"]
[White "Hilverda, Alexander"]
[Black "Zaragatski, Ilja"]
[Result "1/2-1/2"]
[WhiteElo "2197"]
[BlackElo "2428"]
[PlyCount "78"]
[EventDate "2009.05.29"]
[EventType "swiss"]
[EventRounds "7"]
[EventCountry "NED"]
[Source "P.Boonen"]
[SourceDate "2010.01.01"]

1. d4 Nf6 2. c4 c5 3. d5 b5 4. cxb5 a6 5. bxa6 g6 6. Nc3 Bxa6 7. Nf3 d6 8. g3
Bg7 9. Bg2 Nbd7 10. Rb1 O-O 11. O-O Ne8 12. Qc2 Bxc3 13. bxc3 Bc4 14. Rd1 Rxa2
15. Rb2 Rxb2 16. Bxb2 Nef6 17. e4 Qb6 18. Nd2 Ne5 19. Bf1 Nf3+ 20. Kg2 Nxd2 21.
Rxd2 Qb5 22. Bxc4 Qxc4 23. f3 Nd7 24. Qd3 Qxd3 25. Rxd3 Ne5 26. Rd2 Ra8 27. Bc1
Ra1 28. Rc2 Nd3 29. Bd2 Re1 30. Bh6 f6 31. Ra2 g5 32. h4 Kf7 33. hxg5 Kg6 34.
gxf6 Kxf6 35. Bf8 Kf7 36. Bh6 Kg6 37. Bf8 Kf7 38. Bh6 Kg6 39. Bf8 Kf7 1/2-1/2

[Event "ENCI Limburg-open A"]
[Site "Maastricht"]
[Date "2009.06.01"]
[Round "6"]
[White "Kirkebo, Carl Peter"]
[Black "Hetey, Laszlo"]
[Result "0-1"]
[WhiteElo "2158"]
[BlackElo "2347"]
[PlyCount "84"]
[EventDate "2009.05.29"]
[EventType "swiss"]
[EventRounds "7"]
[EventCountry "NED"]
[Source "P.Boonen"]
[SourceDate "2010.01.01"]

1. e4 e5 2. Nf3 Nc6 3. Bb5 a6 4. Ba4 Nf6 5. O-O Be7 6. Re1 b5 7. Bb3 O-O 8. d4
d6 9. c3 Bg4 10. Be3 Re8 11. a4 exd4 12. cxd4 Na5 13. Bc2 Nc4 14. Bc1 c5 15. b3
Na5 16. d5 Nd7 17. Nbd2 Bf6 18. Ra2 Bc3 19. h3 Bh5 20. g4 Bg6 21. Re3 b4 22.
Bb2 Bxb2 23. Rxb2 Qf6 24. Rb1 h5 25. g5 Qf4 26. Qf1 h4 27. Qg2 Nb6 28. Qh2
Qxh2+ 29. Kxh2 Nxd5 30. exd5 Bxc2 31. Rb2 Rxe3 32. fxe3 Bd3 33. Nxh4 Re8 34.
Ng2 Be4 35. Nf4 Re5 36. Nxe4 Rxe4 37. Ng2 Re5 38. h4 Rxd5 39. Nf4 Re5 40. Ng2
Re4 41. Kg3 c4 42. bxc4 b3 0-1